Green Day True or False - Statistics

General Stats
  • This quiz has been taken 273 times
  • The average score is 7 of 10
Answer Stats
Question Answer % Correct
Green Day's frontman, Billie Joe Armstrong, is openly bisexual True
88%
Green Day had tapes for an unreleased album stolen in 2003 True
85%
Green Day's original members were Billie Joe Armstrong, Mike Dirnt and Tré Cool False
83%
Green Day was originally called Sweet Children True
82%
Green Day bassist Mike Dirnt is adopted True
77%
The Green Day members are very right-leaning politically False
74%
Green Day has two side projects called "The Network'' and "Sweet Adults" False
68%
Green Day was signed to Lookout! Records in 1988 True
60%
Green Day was founded in 1988 False
38%
Green Day's first album was titled 1039/Smoothed Out Slappy Hours False
29%
No matching quizzes found
Score Distribution
Percent of People with Each Score
Percentile by Number Answered
Your Score History
You have not taken this quiz